Т. 1; Java 2

Podrobná bibliografie
Parent link:Java 2: в 2 т./ А. Хортон. Т. 1.— , 2012.— 1-861003-66-8
Shrnutí:"За всю мою практику программирования и обучения работе с компьютерами я не встречал языка, который предлагал бы мощь и гибкость Java. Этот язык очень прост для изучения и использования и идеален для начинающего программиста. В последней версии Java многое было упрощено, причем новые и исправленные классы предоставляют еще больше возможностей. С помощью Java можно встраивать в web-страницы звуковое сопровождение и анимацию, создавать полноценные оконные приложения или организовывать доступ к базам данных. Книга позволит изучить язык Java и технологию, необходимую для успешной работы над собственными проектами".
Jazyk:ruština
Vydáno: 2012
Témata:
Médium: Kniha
KOHA link:https://koha.lib.tpu.ru/cgi-bin/koha/opac-detail.pl?biblionumber=219365

MARC

LEADER 00000nam2a2200000 4500
001 219365
005 20231101230244.0
010 |a 5855821609 
035 |a (RuTPU)RU\TPU\book\239408 
090 |a 219365 
100 |a 20120705d2012 km y0rusy50 ca 
101 1 |a rus  |c eng 
102 |a RU 
105 |a a z 000zy 
200 0 |a Т. 1 
210 |d 2012 
215 |a 486 с.  |c ил. 
330 |a "За всю мою практику программирования и обучения работе с компьютерами я не встречал языка, который предлагал бы мощь и гибкость Java. Этот язык очень прост для изучения и использования и идеален для начинающего программиста. В последней версии Java многое было упрощено, причем новые и исправленные классы предоставляют еще больше возможностей. С помощью Java можно встраивать в web-страницы звуковое сопровождение и анимацию, создавать полноценные оконные приложения или организовывать доступ к базам данных. Книга позволит изучить язык Java и технологию, необходимую для успешной работы над собственными проектами". 
461 1 |0 (RuTPU)RU\TPU\book\244923  |y 1-861003-66-8  |t Java 2  |o в 2 т.  |o пер. с англ.  |f А. Хортон  |v Т. 1  |d 2012 
606 1 |a Программирование  |2 stltpush  |3 (RuTPU)RU\TPU\subj\51780  |9 70345 
610 1 |a Java 2 
610 1 |a программы 
610 1 |a данные 
610 1 |a переменные 
610 1 |a вычисления 
610 1 |a циклы 
610 1 |a логика 
610 1 |a массивы 
610 1 |a строки 
610 1 |a классы 
610 1 |a потоки 
610 1 |a теория 
610 1 |a упражнения 
675 |a 004.42  |v 4 
801 1 |a RU  |b 63413507  |c 20120705 
801 2 |a RU  |b 63413507  |c 20140425  |g RCR 
942 |c BK 
959 |a 100/20120703  |d 1  |e 495,00  |f ЧЗТЛ:1